000 00542nam a2200181 i 4500
001 135925
003 ES-MaACL
005 20230906195005.0
007 t|
008 070214s1924 fr r ||||1| fre d
100 1 _aRousselot, P. J.
_9100081
245 1 0 _aPrincipes de phonétique experimentale /
_cP. J. Rousselot.
250 _aNouvelle édition corrigée et augmentée d'un supplément.
260 _aParis :
_bH. Didier,
_c1924.
300 _a2 v. :
_bil. ;
_c24 cm.
650 4 _aFonética.
_912922
852 _aES-MaACL
_jA-2354-55
999 _c135925
_d135925